000 00449nam a22001457a 4500
020 _qHB.
040 _cFIZZA ISHAQ
082 _a330
_bMcC
100 _aMcConnell, Campbell R.
_97877
245 _aEconomics: Principles, Problems, and Policies /
_cCampbell R. McConnell.
250 _a17TH ED.
260 _aNEW YORK:
_bMcGraw-Hill Education,
_c2008.
300 _aG-1 X G-27; IND-1 X IND-30 ; 716 P. ;
_c8.6 x 1.37 x 10.3 inches
942 _2ddc
_cBK
999 _c615448
_d615448